Niños y niñas en la publicidad infantil : estudio lingüístico diferenciado /

Bibliographic Details
Main Author: Robles Avila, Sara (Author)
Format: Electronic eBook
Language:Spanish
Published: Madrid : Arco/Libros, S. L., [2017]
Series:Cuadernos de lengua española ; 133.
Subjects:
Online Access:Digitalia Hispánica

MARC

LEADER 00000nam a2200000Ii 4500
001 DIGARCOL0117
003 NyNyDIG
006 m o d
007 cr |||||||||||
008 241001s2017 sp ob 000 0 spa d
035 |a (OCoLC)1458532335 
040 |a DGITA  |b eng  |e rda  |e pn  |c DGITA 
020 |z 9788476359600 
050 1 4 |a P301.5.A38 ebook 
100 1 |a Robles Avila, Sara,  |e author. 
245 1 0 |a Niños y niñas en la publicidad infantil :  |b estudio lingüístico diferenciado /  |c Sara Robles Ávila. 
264 1 |a Madrid :  |b Arco/Libros, S. L.,  |c [2017] 
300 |a 1 online resource. 
336 |a text  |b txt  |2 rdacontent 
337 |a computer  |b c  |2 rdamedia 
338 |a online resource  |b cr  |2 rdacarrier 
347 |a text file  |2 rdaft 
347 |b PDF 
490 1 |a Cuadernos de lengua española ;  |v 133 
504 |a Includes bibliographical references. 
588 0 |a Online resource; title from PDF title page (Digitalia, viewed October 1, 2024) 
650 0 |a Advertising and children. 
650 0 |a Advertising  |x Language. 
650 0 |a Sexism in language. 
791 2 |a Digitalia (Firm),  |e distributor. 
793 0 |g Digitalia eBook Collection:  |a Arco/Libros 
776 0 8 |i Print version:  |a Robles Avila, Sara.  |t Niños y niñas en la publicidad infantil.  |d Madrid : Arco/Libros, S. L., [2017]  |z 9788476359600 
830 0 |a Cuadernos de lengua española ;  |v 133.  
856 4 0 |3 Digitalia Hispánica  |u https://www.digitaliapublishing.com/a/138430/ 
910 |a Premium collection: 2024